Retention of masonry facades (Record no. 103080)

MARC details
000 -LEADER
fixed length control field 00946cam a2200265 4500
008 - FIXED-LENGTH DATA ELEMENTS--GENERAL INFORMATION
fixed length control field 030917n2003 000 0 eng u
020 ## - INTERNATIONAL STANDARD BOOK NUMBER
International Standard Book Number 0860175898
035 ## - SYSTEM CONTROL NUMBER
System control number (Sirsi) u123656
041 ## - LANGUAGE CODE
Language code of text/sound track or separate title eng
050 ## - LIBRARY OF CONGRESS CALL NUMBER
Classification number 690.241
-- 18
100 ## - MAIN ENTRY--PERSONAL NAME
Personal name Bussell, M.
245 ## - TITLE STATEMENT
Title Retention of masonry facades
Remainder of title best practice site handbook
260 ## - PUBLICATION, DISTRIBUTION, ETC.
Place of publication, distribution, etc. London
Name of publisher, distributor, etc. CIRIA
Date of publication, distribution, etc. 2003
300 ## - PHYSICAL DESCRIPTION
Extent 86p.
Dimensions 21cm.
350 ## - PRICE (NR) (BK AM CF MU VM SE) [OBSOLETE]
Price 40
490 ## - SERIES STATEMENT
Series statement CIRIA Publication
Volume/sequential designation C589
520 ## - SUMMARY, ETC.
Summary, etc. This concise handbook is intended to be an essential part of site documentation for facade retention projects. It contains checklists, lists of references and site-specific guidance taken from the more comprehensive "Retention of masonry facades: best practice guide" (ISBN 0860175790).
650 ## - SUBJECT ADDED ENTRY--TOPICAL TERM
Topical term or geographic name entry element FACADES
650 ## - SUBJECT ADDED ENTRY--TOPICAL TERM
Topical term or geographic name entry element FACADE RETENTION
650 ## - SUBJECT ADDED ENTRY--TOPICAL TERM
Topical term or geographic name entry element BUILDING ALTERATIONS
690 ## - LOCAL SUBJECT ADDED ENTRY--TOPICAL TERM (OCLC, RLIN)
Topical term or geographic name as entry element Refurbishment
9 (RLIN) 6264
700 ## - ADDED ENTRY--PERSONAL NAME
Personal name Lazarus, D.
700 ## - ADDED ENTRY--PERSONAL NAME
Personal name Ross, P.
942 ## - ADDED ENTRY ELEMENTS (KOHA)
Suppress in OPAC 0
Holdings
Withdrawn status Lost status Source of classification or shelving scheme Damaged status Not for loan Home library Current library Shelving location Date acquired Total Checkouts Full call number Barcode Date last seen Date last checked out Copy number Price effective from Koha item type
    Dewey Decimal Classification     London London Books 18/09/2003 6 690.241 BUS 30067752 06/08/2019 19/01/2009 1 06/08/2019 Book